Don Juan Tenorio (Record no. 193107)

MARC details
000 -CABECERA
campo de control de longitud fija 00688nam a2200241 a 4500
003 - IDENTIFICADOR DEL NÚMERO DE CONTROL
campo de control MX-MxUPN
005 - FECHA Y HORA DE LA ÚLTIMA TRANSACCIÓN
campo de control 20220629150100.0
008 - ELEMENTOS DE LONGITUD FIJA--INFORMACIÓN GENERAL
campo de control de longitud fija 171017s2008 es a r 000 0 spa d
020 ## - NÚMERO INTERNACIONAL NORMALIZADO PARA LIBROS
Número Internacional Estándar del Libro 9788467531732
035 ## - NÚMERO DE CONTROL DEL SISTEMA
Número de control de sistema UPN01000221008
040 ## - FUENTE DE LA CATALOGACIÓN
Centro catalogador/agencia de origen MX-MxUPN
Lengua de catalogación spa
Centro/agencia transcriptor MX-MxUPN
041 0# - CÓDIGO DE IDIOMA
Código de lengua del texto/banda sonora o título independiente spa
050 14 - SIGNATURA TOPOGRÁFICA DE LA BIBLIOTECA DEL CONGRESO
Número de clasificación PQ6575 A6
Número de documento/Ítem D6.6c
100 1# - ASIENTO PRINCIPAL--NOMBRE PERSONAL
Nombre de persona Zorrilla, José,
Fechas asociadas al nombre 1817-1893
9 (RLIN) 30370
245 10 - MENCIÓN DE TÍTULO
Título Don Juan Tenorio
260 ## - PUBLICACIÓN, DISTRIBUCIÓN, ETC.
Lugar de publicación, distribución, etc. Madrid :
Nombre del editor, distribuidor, etc. SM,
Fecha de publicación, distribución, etc. 2008.
300 ## - DESCRIPCIÓN FÍSICA
Extensión 32 páginas :
Otras características físicas ilustraciones a color.
650 #4 - ASIENTO SECUNDARIO DE MATERIA - TERMINO TEMATICO
Término de materia o nombre geográfico como elemento de entrada Teatro español
9 (RLIN) 5149
700 1# - ASIENTO SECUNDARIO--NOMBRE DE PERSONAL
Nombre de persona Oro, Begoña
9 (RLIN) 45149
Término indicativo de función/relación guionista
700 1# - ASIENTO SECUNDARIO--NOMBRE DE PERSONAL
Nombre de persona Pérez Pérez, Abraham,
Fechas asociadas al nombre 1980-
9 (RLIN) 45150
Término indicativo de función/relación ilustrador
905 ## - TIPO DE MATERIAL
Tipo de material Libro
Holdings
Estado de retiro Estado de pérdida Fuente del sistema de clasificación o colocación Estado dañado No para préstamo Código de colección Localización permanente Ubicación/localización actual Ubicación en estantería Fecha de adquisición Clasificación Código de barras Fecha visto por última vez Tipo de ítem Koha
    Library of Congress Classification   En proceso Colección General Bib. Gregorio Torres Quintero Bib. Gregorio Torres Quintero Planta baja 29/06/2022 PQ6575 A6 D6.6c 320821 31/12/2020 Libro